01726cas a2200349 450000100090000000300060000900500170001500700030003200800410003501000310007602200170010703500240012403700100014804000830015804200140024105000150025511000690027021000310033922200400037024500410041026000680045130000220051931000380054132100290057936200160060844000550062450000650067950005190074465000270126365000410129070000450133110545037AUA.120130528122702.0t|850720c19639999miufr p 0 a0eng c a 74645601 zsc 76000812  a0003-298021 a(OCoLC)ocm01780045  b49104 aMnMULScMnMULSdMBTIdNSDPdDLCdOCoLCdAIPdNSDPdAIPdOCoLCdDLCdTNJdOCoLC ansdpapcc00aBR1b.A53a2 aAndrews University.bSeventh-Day Adventist Theological Seminary.0 aAndrews Univ. Semin. stud. 0aAndrews University Seminary studies10aAndrews University Seminary studies. aBerrien Springs, Mich.,bAndrews University Press.cAutumn 2009 bill.c23 cm.av.: a2 issues yearly,b aFrequency varies,b1963-0 aAutumn 2009 aAndrews University Seminary studies.vVol.47, No.2 a"Journal of the Seventh-Day Adventist Theological Seminary." aContents: Chiasmus in Chronicles: Investigating the structures of 2 chronicles 28:16-21;33:1-20; and 31:20-32:33; The parable of the tares and Matthew's strategy vis-a-vis extreme sectarian impulses from within his community; Investigating the presuppositional realm of biblical-theological methodology, part II: Canale on reason; Divided by visions of the truth: the bible, epistemology, and the adventist community; A critical evalutation of John Hick's religious pluralism in light of his eschatological model; 0aTheologyvPeriodicals. 0aTheological seminariesxPeriodicals. aJohn W. Reeve and Jerry A. MooneEditors